Δίκαιο Ιδιωτικής Ασφάλισης / Γενικό Μέρος και Νομοθεσία της Ασφαλιστικής Επιχείρησης και Στοιχεία Ασφαλιστικών Κλάδων (Record no. 3698)
[ view plain ]
| 000 -LEADER | |
|---|---|
| fixed length control field | 01536cam a22002054a 4500 |
| 005 - ΗΜΕΡΟΜΗΝΙΑ ΚΑΙ ΩΡΑ ΤΕΛΕΥΤΑΙΑΣ ΕΝΗΜΕΡΩΣΗΣ | |
| Πεδίο ελέγχου | 20250605164122.0 |
| 008 - FIXED-LENGTH DATA ELEMENTS--GENERAL INFORMATION | |
| Πεδίο ελέγχου σταθερού μήκους | 250528s ||||||||||||||||||||||||d |
| 035 ## - SYSTEM CONTROL NUMBER | |
| System control number | 18335 |
| 020 ## - ISBN | |
| ISBN | 9604201158 |
| 040 ## - ΠΗΓΗ ΚΑΤΑΛΟΓΟΓΡΑΦΗΣΗΣ | |
| Φορέας πρωτότυπης καταλογογράφησης | MC Athens Campus Library |
| Γλώσσα καταλογογράφησης | Ελληνικά, Μοντέρνα (1453-) |
| Modifying agency | MC Athens Campus Library |
| Κανόνες περιγραφικής καταλογογράφησης | AACR2 |
| 245 1# - ΤΙΤΛΟΣ ΚΑΙ ΔΗΛΩΣΗ ΥΠΕΥΘΥΝΟΤΗΤΑΣ | |
| Τίτλος | Δίκαιο Ιδιωτικής Ασφάλισης / Γενικό Μέρος και Νομοθεσία της Ασφαλιστικής Επιχείρησης και Στοιχεία Ασφαλιστικών Κλάδων |
| 250 ## - EDITION STATEMENT | |
| Edition statement | 3η |
| 260 ## - PUBLICATION, DISTRIBUTION, ETC. | |
| Name of publisher, distributor, etc. | Π. Ν. Σάκκουλας, |
| Date of publication, distribution, etc. | 1999 |
| 300 ## - PHYSICAL DESCRIPTION | |
| Extent | 578 |
| 520 ## - SUMMARY, ETC. | |
| Summary, etc. | Περιλαμβάνει τις Ριζικές Τροποποιήσεις του Π.Δ. 252/96 και του Ν. 2496/97. Εισαγωγή, Γενικές Ρυθμίσεις για την Ασφαλιστική Σχέση, Ασφαλιστικές Συναλλαγές και Πρόσωπα, Το Περιεχόμενο των Ασφαλιστικών Συμφωνιών, Ο Τύπος και η Απόδειξη των Συμφωνιών, Μεταγενέστερες Τροποποιήσεις των Ήδη Συμφωνημένων, Η Διάρκεια της Ασφαλιστικής Σχέσης, Η Νομική Θέση Εκείνων που Ασφαλίζονται, Η Νομική Θέση Εκείνου που Ασφαλίζει, Ασφαλίσεις Ζημιάς, Ασφαλίσεις Ποσού, Βιβλιογραφία. |
| 700 1# - ΠΡΟΣΘΕΤΗ ΑΝΑΓΡΑΦΗ--ΦΥΣΙΚΟ ΠΡΟΣΩΠΟ | |
| Personal name | Σκουλούδης Ζαχαρίας Σ |
| 9 (RLIN) | 4610 |
| 942 ## - ADDED ENTRY ELEMENTS (KOHA) | |
| Koha item type | Books |
| Τύπος τεκμηρίου | Βιβλιοθήκη | Τρέχουσα τοποθεσία | Barcode | Αριθμός εισαγωγής | Ημερομηνία απόκτησης | Ταξιθετικό σύμβολο | Αριθμός αντιτύπου | Κατάσταση απόσυρσης | Κατάσταση χαμένου | Κατάσταση κατεστραμμένου | Μη δανεισμός | Σύνολο δανεισμών | Ημερομηνία τελευταίας εμφάνισης | Η τιμή ισχύει από |
|---|---|---|---|---|---|---|---|---|---|---|---|---|---|---|
| Books | MC Athens Campus Library | MC Athens Campus Library | 9780000036971 | 2953 | 05/06/2025 | 368 SKU | 1 | 05/06/2025 | 05/06/2025 |